| 000 | 01140 a2200265 4500 | ||
|---|---|---|---|
| 999 |
_c4365 _d4365 |
||
| 020 | _a0912917296 (pbk.) | ||
| 050 | 0 | 0 | _aHQ 1936 BUN 1994 |
| 100 | 1 |
_aBunch, Charlotte, _d1944- |
|
| 245 | 1 | 0 |
_aDemanding accountability : _bthe Global Campaign and Vienna Tribunal for Women's Human Rights / _c[Charlotte Bunch and Niamh Reilly]. |
| 264 |
_aNew York: _bCentre for Women"s Global leadership, _c1994 |
||
| 300 |
_avi, 169 p. : _bill. ; |
||
| 500 | _aThe Global Tribunal on Violations of Women's Human Rights was convened during the 2nd United Nations World Conference on Human Rights, held in Vienna in 1993. | ||
| 504 | _aIncludes bibliographical references. | ||
| 650 | 0 | _aWomen's rights | |
| 650 | 0 |
_aWomen _xLegal status, laws, etc. |
|
| 650 | 0 | _aHuman rights | |
| 650 | 0 |
_aWomen _xViolence against |
|
| 650 | 4 |
_aMujeres _xDerechos de la mujer |
|
| 700 | 1 | _aReilly, Niamh. | |
| 710 | 2 | _aDouglass College. | |
| 710 | 2 | _aUnited Nations Development Fund for Women. | |
| 710 | 2 | _aGlobal Campaign for Women's Human Rights. | |
| 942 |
_2lcc _cBK _h1936 _iBUN _kHQ |
||